000 nam a22 7a 4500
999 _c8120
_d8120
008 171128b xxu||||| |||| 00| 0 eng d
020 _a9788189297664
100 _aJain S
_94563
245 _aHealth Care After 50
260 _aNew delhi
_bFarsight Publishers
_c2010